Most Streamed Pink Floyd Songs - Statistics

General Stats
  • This quiz has been taken 114 times
  • The average score is 13 of 20
Answer Stats
# Streams Answer % Correct
15 151,744,486 Another Brick in the Wall, Pt. 1
98%
1 1,105,495,144 Another Brick in the Wall, Pt. 2
98%
4 585,086,817 Money
95%
2 907,869,204 Wish You Were Here
95%
11 226,270,957 Wish You Were Here - 2011 Remaster
95%
6 447,086,880 Time
93%
3 745,334,288 Comfortably Numb
84%
9 260,217,900 Shine On You Crazy Diamond (Pts. 1-5)
80%
7 376,260,476 The Great Gig in the Sky
73%
13 200,531,505 Have a Cigar
70%
5 473,337,274 Breathe (In the Air)
69%
12 217,671,621 Us and Them
63%
8 322,744,076 Hey You
59%
10 227,083,064 Brain Damage
51%
20 116,104,509 Welcome to the Machine
48%
16 141,337,519 Mother
40%
14 157,571,021 Young Lust
29%
18 119,936,398 On the Run
26%
19 118,352,921 Any Colour You Like
25%
17 136,501,311 Learning to Fly
24%
No matching quizzes found
Score Distribution
Percent of People with Each Score
Percentile by Number Answered
Your Score History
You have not taken this quiz